00381nam a2200181Ia 4500003000900000008004100009040001300050040001300063041000800076100002300084245003700107250001100144260000800155260000900163300001100172300001000183490000600193IT-RoPAU120407s9999 xx 000 0 und d aIT-RoPAU cIT-RoPAU aita aGiuseppe Ballerini aLa crisi del pensiero moderno... aTorino aSei c1933 a250 p. c19 cm v1